Final de partida

Gespeichert in:
Bibliographische Detailangaben
1. Verfasser: Beckett, Samuel (VerfasserIn)
Format: Buch
Sprache:Spanisch
Veröffentlicht: Buenos Aires Nueva Visión 1964
Schriftenreihe:Colección Losange de Teatro Universal, 92
Schlagworte:
Tags: Tag hinzufügen
Keine Tags, Fügen Sie den ersten Tag hinzu!

MARC

LEADER 00000nam a2200000 a 4500
001 UCV9089
003 CL-VaPUC
008 920512e19640000AG |||||||||||||||||spa|d
082 0 4 |a 822  |b BEC  |2 21 
100 0 |a Beckett, Samuel  |e author  |9 303092 
245 1 0 |a Final de partida 
246 1 0 |a Acto sin palabras 
300 |a 72 p 
942 |c BK 
945 |d 19920512 00:00:00 
260 |a Buenos Aires  |b Nueva Visión  |c 1964 
650 7 |a DRAMAS IRLANDESES  |2 CL-VaPUC  |9 303093 
583 |a last modification  |c 19920512 00:00:00  |k Rodrigo Vera 
490 0 |a Colección Losange de Teatro Universal, 92 
999 |c 214482  |d 214480 
952 |0 0  |1 0  |4 0  |6 822_000000000000000_BEC_1964  |7 0  |8 A  |9 197875  |a BIBARQ  |b BIBARQ  |d 2019-11-14  |i 2655195  |o 822 BEC 1964  |p 2655195  |r 2025-01-20  |w 2019-11-14  |y BK  |k ARQ